V. 36; Electrochemistry Communications

Podrobná bibliografie
Parent link:Electrochemistry Communications: журнал. V. 36.— , 2006-
Jazyk:angličtina
Vydáno: 2013
Médium: MixedMaterials Kniha
KOHA link:https://koha.lib.tpu.ru/cgi-bin/koha/opac-detail.pl?biblionumber=527777

MARC

LEADER 00000nam2a2200000 4500
001 527777
005 20231101111942.0
035 |a (RuTPU)RU\TPU\prd\211694 
090 |a 527777 
100 |a 20140131a20069999k y0engy50 ba 
101 0 |a eng 
102 |a GB 
200 0 |a V. 36 
210 |d 2013 
461 1 |0 (RuTPU)RU\TPU\prd\84916  |t Electrochemistry Communications  |o журнал  |v V. 36  |d 2006- 
801 0 |a RU  |b 63413507  |c 20010227  |g PSBO 
801 1 |a RU  |b 63413507  |c 20140131 
801 2 |a RU  |b 63413507  |c 20160325  |g RCR 
942 |c BK 
999 |a НТБ_ТПУ  |b НФ  |e -1/20140109  |p П-9467  |u 0,00  |v 1  |y 13821000676684